Ricostruisci la Carriera del Calciatore - Gianluca Scamacca - Statistics

Statistiche generali
  • Questo quiz è stato fatto 16 volte
  • Il punteggio medio è 4 su 10
Statistiche sulle risposte
Hint Risposta % Corretto
2023- Atalanta
80%
2018 Cremonese
60%
2022-2023 West Ham Utd
60%
2021-2022 Sassuolo
50%
2015-2017 Jong PSV
40%
2020-2021 Genoa
30%
2019 Sassuolo
30%
2017-2018 Sassuolo
20%
2019-2020 Ascoli
10%
2018-2019 PEC Zwolle
10%
Nessun quiz corrispondente trovato
Distribuzione punteggi
Percentuale di utenti per punteggio
Percentile per numero di risposta
I tuoi punteggi nel tempo
Non hai fatto questo quiz